MDQL
is popping MORE tags! Check the
thread
!
Quizzes
Events
Quiz Creation
Community
Videos
Private Events
Remove Ads
Sign In
Join for FREE
Feedback
Dark Mode
Quiz Categories
Sports
Geography
Music
Movies
Television
Just For Fun
Miscellaneous
History
Literature
Language
Science
Gaming
Entertainment
Religion
Holiday
For Kids
Quiz Lab
Recent
Popular Today
Quiz Kudos Today
Editor Picks
Curator Picks
Quizzes by...
Day
Popularity
Type
Ratings
Length
Year
Community
Subscriptions
Recent Discussions
Orange Saloon
Badges
Playlists
Quests
Create
Leaderboards
Showdown
Live 5
Trivia Bingo
Activity
Puzzle Library
Sporcle Events
Private Events
Virtual Trivia
Globe League
Become a Host
Pub Owners
SporcleCon
Opinionation
Our Games
Videos
Blog
Mobile Apps
Partnerships
Remove Ads and Go Orange
Feedback
Sports
Athletes
MLB
NBA
NHL
NFL
Soccer
Sports Teams
WWE
NCAA
Football
Premier League
Basketball
Baseball
Hockey
Golf
Tennis
Cricket
Rugby
Auto Racing
Olympics
World Cup
Sports
Athletes
MLB
NBA
NHL
NFL
Soccer
Sports Teams
WWE
NCAA
Football
Premier League
Basketball
Baseball
Hockey
Golf
Tennis
Cricket
Rugby
Auto Racing
Olympics
World Cup
Random Quiz
Search Sporcle
×
Quiz Lab
Quiz Lab
Sports
lap
Type in answers that appear in a list
Type in answers that appear in a list
Classic
Best Score? Go Orange.
F1 Austrian GP Fastest Laps Stats
Can you name the F1 drivers who recorded the fastest lap at the Austrian GP?
By
Ajudah97
10m
32 Questions
43 Plays
43 Plays
43 Plays
Comments
Comments
Give Quiz Kudos
Give Quiz Kudos
-
- Ratings
hide this ad
Replay
Link that replays current quiz
Next Quiz
Link to next quiz in quiz playlist
You Got
0%
They Got
Avg Score
89%
Avg Friend Score
Upgrade to see
Score Distribution
Jump to the score distribution portion of the page
Score
0/32
Timer
10:00
0
Plays Today
Year
Driver
% Correct
2016
Lewis Hamilton
100%
2017
Lewis Hamilton
100%
1983
Alain Prost
97.7%
1985
Alain Prost
97.7%
1987
Nigel Mansell
97.7%
2003
Michael Schumacher
97.7%
2002
Michael Schumacher
97.7%
1982
Nelson Piquet
95.3%
1984
Niki Lauda
95.3%
1986
Gerhard Berger
95.3%
1998
David Coulthard
95.3%
1999
Mika Hakkinen
95.3%
2000
David Coulthard
95.3%
2001
David Coulthard
95.3%
2014
Sergio Perez
95.3%
2015
Nico Rosberg
95.3%
Year
Driver
% Correct
2018
Kimi Raikkonen
95.3%
1997
Jacques Villeneuve
90.7%
1970
Jacky Ickx
88.4%
(Same Time)
Clay Regazzoni
86%
1974
Clay Regazzoni
86%
1976
James Hunt
86%
1978
Ronnie Peterson
86%
1979
Rene Arnoux
86%
1980
Rene Arnoux
86%
1972
Denny Hulme
83.7%
1981
Jacques Laffite
81.4%
1973
Carlos Pace
79.1%
1964
Dan Gurney
76.7%
1971
Jo Siffert
76.7%
1975
Vittorio Brambilla
69.8%
1977
John Watson
67.4%
Quiz Playlist
Details
Report
Send in Message
Add To Playlist
Classic:
Type in answers that appear in a list
Last Updated: Nov 25, 2018
Quiz Scoreboard
CHALLENGE
Sign Up to Join the Scoreboard
Show All
Scores
Hide
Comments
May contain spoilers
Recently Published
1-10 Letter E Words III
by El_Dandy
Language
2m
Street Fighter Characters
by Artimus82
Gaming
60s
College Basketball Coaching Resumes
by pancakes188
Sports
9m
More to Explore
Quiz From the Vault
Featured Blog Post
Where Did the Easter Bunny Come From?
hide this ad
You Might Also Like...
Tags
Austrian
Driver
fastest
lap
Recorded
team
Today's Top Quizzes in Sports
Browse Sports
hide this ad
Top Contributed Quizzes in Sports
1
2022 World Cup Stars
2
Les meilleurs buteurs des matchs entre le PSG et l’OM
3
FIFA Club World Cup Champions
4
Les entraîneurs de l'OM et du PSG au 21e siècle
5
Criteria MLB: Left Handed Sluggers
6
2023 MLB Unique Player Accomplishments
7
AFC Teams Reveal (Wrong Answers Minefield)
8
Players with Multiple 50 Home Run Seasons
9
5-to-1: FBS Animal Nicknames
10
5-to-1: UK Sports Teams
Explore More
Trending Topics
NBA
Crossword
Marvel
Harry Potter
Disney
Kpop
Anime
Soccer
NFL
Song
Puzzle
Country
Pokémon
WWE
The Office
hide this ad
More By:
Ajudah97
Quiz
Plays
Rating
Category
Featured
Created
F1 Max Verstappen Minefield
1,858
4.00
Sports
Sep 26, 2020
F1 Every Constructor in the Championship
1,620
4.33
Sports
Feb 6, 2021
F1 Who Wants to be a Millionaire
1,025
4.50
Sports
Jan 5, 2021
Football who wants to be a millionaire
975
Sports
May 26, 2020
Anyone but Daniel Ricciardo
762
2.63
Sports
Aug 14, 2017
Go to Creator's Profile
Score Distribution
Quiz Creator Spotlight
Ajudah97
Follow
Send a Message
Quizzes Created
-
Created Quiz Play Count
-
More By This Creator
Popular Quizzes Today
1
Find the US States - No Outlines Minefield
2
Find the Countries of Europe - No Outlines Minefield
3
The Countries of the World
4
Find the US States
5
Risky Map Clicking: Biggest States A-Z
6
US States
7
Popular People in 1961
8
Movies - When Are They Set?
More Sports Quizzes
#14 Athletes
Published
Trending Quizzes
Risky Map Clicking: Least Populous States A-Z
1-10 Letter G Words
1-10 Letter F Words
Countries of the World: 200 Million BC
Risky Map Clicking: Next State Alphabetically
Recently Updated
Beyoncé Albums
pecheneg
Leaping Animals
pecheneg
Reality TV Shows (A-Z)
bhenderson79
Rickey Henderson's Hall of Fame Teammates
pecheneg
Champions League XIs: Arsenal
pecheneg
Quick Pick: Celebrities in WWE's Hall of Fame
aduchscher
A-Z Keypad Blitz II
pecheneg
Multiple Oscar Actors
pecheneg
Mystery Phrase Blitz: Oscar 'Best Actors'
pecheneg
F. Scott Fitzgerald Novels
LTH
Trending Topics
Kpop
NBA
Disney
Harry Potter
Crossword
Marvel
Anime
Puzzle
The Office
Country
Soccer
WWE
Song
Pokémon
NFL
Your Account Isn't Verified!
In order to create a playlist on Sporcle, you need to verify the email address you used during registration. Go to your
Sporcle Settings
to finish the process.
Report this User
Report this user for behavior that violates our
Community Guidelines
.
Details:
Send Report
Go to the Sporcle.com Mobile Site →
Comments